000 00662nam a2200229Ia 4500
003 OSt
005 20221006164141.0
006 a|||||r|||| 00| 0
007 ta
008 221006b |||||||| |||| 00| 0 eng d
024 _a1,964
037 _cTextual
040 _aFML
_cFML
_beng
041 _2eng
_aeng
082 _aNR441wL75, L6 -; 2
100 _aParthasarathy T. S. Ed.
_9676716
245 0 _aThe Musical Heritage of Sri Muthuswamy Dikshitar
260 _aBaroda
_bIndian Musicological Society
_c1976
300 _a69
_ccm.
942 _hNR441wL75, L6 -; 2
_cTEXL
_2CC
999 _c1116360
_d1116360